Piłkarska kariera Michaela Essiena. - Statystyki

Ogólne statystyki
  • Ten quiz został rozwiązany 52 razy
  • Średni wynik to 4 z 9
Statystyki odpowiedzi
Lata Drużyna % Poprawnych
2005-2012 Chelsea
96%
2013-2014 Chelsea
96%
2012-2013 Real Madryt
87%
2014-2015 Milan
51%
2003-2005 Olympique Lyon
24%
2015-2016 Panathinaikos
16%
? Bastia
7%
2019-2020 Sabail
7%
2017-2018 Persib Bandung
4%
Nie znaleziono quizów pasujących do podanych kryteriów
Rozkład punktacji
Procent ludzi z każdym wynikiem
Percentyl według liczby udzielonych odpowiedzi
Twoja historia wyników
Nie rozwiązałeś tego quizu